|
|
|
|
| LEADER |
00000nab a2200000 a 4500 |
| 001 |
vtls009959249 |
| 003 |
SK-MaSNL |
| 005 |
20260305022752.0 |
| 008 |
250506c2009 xo |||||||||||000 b|slo |
| 015 |
|
|
|a SNBRB2009/10
|2 snkbucl
|
| 035 |
|
|
|a (uuid)29571949-a208-4783-9961-8e290be99d30
|
| 035 |
|
|
|a urn:nbn:sk:snk-ab2xe0
|
| 035 |
|
|
|a (urnnbn)urn:nbn:sk:snk:ar-a032e3
|
| 038 |
|
|
|a SNKBUCL
|
| 040 |
|
|
|a SNKBUCL
|b slo
|c SNKBUCL
|e AACR2
|
| 041 |
0 |
|
|a slo
|
| 044 |
|
|
|a xo
|c SK
|
| 080 |
|
|
|a 575.8
|2 2001
|
| 080 |
|
|
|a 575.827
|2 2001
|
| 080 |
|
|
|a 575.858
|2 2001
|
| 100 |
1 |
|
|a Kundrát, Martin,
|d 1969-
|4 aut
|9 220088
|
| 245 |
1 |
0 |
|a Darwinovo evolučné posolstvo
|c Martin Kundrát
|
| 300 |
|
|
|b Obr.
|
| 650 |
0 |
7 |
|a evolučné teórie
|2 SNKPH
|9 82941
|
| 650 |
0 |
7 |
|a darwinizmus
|2 SNKPH
|9 28532
|
| 650 |
0 |
7 |
|a prirodzený výber
|2 SNKPH
|9 202074
|
| 650 |
0 |
7 |
|a evolúcia (biológia)
|2 SNKPH
|9 4347
|
| 773 |
0 |
|
|t Quark
|g Roč. XV, č. 6 (2009)
|g S. 1-8
|x 1335-4000
|
| 773 |
0 |
|
|t [Príloha]
|g Roč. XV, č. 6 (2009)
|g S. 1-8
|x 1335-4000
|
| 850 |
|
|
|a Slovenská národná knižnica
|
| 852 |
|
|
|a Slovenská národná knižnica
|
| 954 |
|
|
|a odborná, vedecká literatúra pôvodná (slovenská)
|2 lita
|
| 958 |
|
|
|a article2022
|
| 958 |
|
|
|a OND
|
| 958 |
|
|
|a EUIPO
|
| 999 |
|
|
|c 3292640
|d 3294570
|